| 000 | 00566nam a2200181Ia 4500 | ||
|---|---|---|---|
| 003 | GCL | ||
| 008 | 140319s9999 xx 000 0 eng d | ||
| 040 |
_aGCL / _cGCL |
||
| 082 | 0 | 4 |
_a305.42 _bGL |
| 100 | 1 | _aGRAVES, PAMELAM | |
| 245 | 1 | 0 |
_aLABOUR WOMEN: WOMEN IN BRITISH WORKING - CLASS POLITIIS, 1918-1939 / _cGRAVES, PAMELAM |
| 260 |
_a[S.N] : _bTHE UNIVERSTIY OF COMBRIDGE ، _c1994 |
||
| 300 | _a271 | ||
| 650 | 0 | 4 | _aLABOR PARTY ( GREAT BRITAIN - HISTORY ) |
| 650 | 0 | 4 | _aWORKING CLASS WOMEN |
| 650 | 0 | 4 | _aGREAT BRITAIN - POLITICAL ADVANTURE |
| 942 |
_2ddc _cBK |
||
| 999 |
_c11630 _d11630 |
||